Znakovi i riječi / 3 ROMIS : religionum Orientalium monumenta et inscriptiones Salonitanae
| Contributors: | ; |
|---|---|
| Format: | Print Book |
| Language: | Croatian English |
| Subito Delivery Service: | Order now. |
| Check availability: | HBZ Gateway |
| Interlibrary Loan: | Interlibrary Loan for the Fachinformationsdienste (Specialized Information Services in Germany) |
| Published: |
2012
|
| In: |
Znakovi i riječi Signa et litterae
Year: 2012 |
| Standardized Subjects / Keyword chains: | B
Salona
/ Mysteries
/ Inscription
|
MARC
| LEADER | 00000cam a22000002cc4500 | ||
|---|---|---|---|
| 001 | 1724253204 | ||
| 003 | DE-627 | ||
| 005 | 20251226184952.0 | ||
| 007 | tu | ||
| 008 | 200710s2012 xx ||||| 00| ||hrv c | ||
| 020 | |a 9789531754279 |9 978-953-175-427-9 | ||
| 035 | |a (DE-627)1724253204 | ||
| 035 | |a (DE-599)BVBBV040883229 | ||
| 035 | |a (DE-604)BV040883229 | ||
| 040 | |a DE-627 |b ger |c DE-627 |e rakwb | ||
| 041 | |a hrv |a eng | ||
| 082 | 0 | |a 200.9 |q DE-604 |2 22/ger | |
| 082 | 0 | |a 307.09 |q DE-604 |2 22/ger | |
| 082 | 0 | |a 930.1 |q DE-604 |2 22/ger | |
| 084 | |a 1 |a 0 |2 ssgn | ||
| 245 | 0 | 0 | |a Znakovi i riječi |n 3 |p ROMIS : religionum Orientalium monumenta et inscriptiones Salonitanae |c Petar Selem ; Inga Vilogorac Brčić |
| 264 | 1 | |c 2012 | |
| 300 | |a 226 S. |b Ill. | ||
| 336 | |a Text |b txt |2 rdacontent | ||
| 337 | |a ohne Hilfsmittel zu benutzen |b n |2 rdamedia | ||
| 338 | |a Band |b nc |2 rdacarrier | ||
| 500 | |a Text kroat. u. engl | ||
| 689 | 0 | 0 | |d g |0 (DE-588)4680496-1 |0 (DE-627)345534778 |0 (DE-576)214048152 |2 gnd |a Salona |
| 689 | 0 | 1 | |d s |0 (DE-588)4040999-5 |0 (DE-627)106220934 |0 (DE-576)209042982 |2 gnd |a Mysterienreligion |
| 689 | 0 | 2 | |d s |0 (DE-588)4027107-9 |0 (DE-627)10628598X |0 (DE-576)208969276 |2 gnd |a Inschrift |
| 689 | 0 | |5 DE-101 | |
| 700 | 1 | |e MitwirkendeR |0 (DE-588)188370811 |0 (DE-627)699300274 |0 (DE-576)135243122 |4 ctb |a Selem, Petar |d 1936-2015 | |
| 700 | 1 | |e MitwirkendeR |0 (DE-588)13271096X |0 (DE-627)525536426 |0 (DE-576)299360954 |4 ctb |a Vilogorac Brčić, Inga |d 1977- | |
| 773 | 1 | 8 | |a Znakovi i riječi Signa et litterae |w (DE-627)1724291033 |g 3 |q 3 |7 nnam |
| 935 | |a mteo | ||
| 951 | |a MV | ||
| ELC | |b 1 | ||
| LOK | |0 000 xxxxxcx a22 zn 4500 | ||
| LOK | |0 001 3723028950 | ||
| LOK | |0 003 DE-627 | ||
| LOK | |0 004 1724253204 | ||
| LOK | |0 005 20200710085937 | ||
| LOK | |0 008 200710||||||||||||||||ger||||||| | ||
| LOK | |0 035 |a (DE-Tue135)BVBBV040883229 | ||
| LOK | |0 040 |a DE-Tue135 |c DE-627 |d DE-Tue135 | ||
| LOK | |0 092 |o n | ||
| LOK | |0 852 |a DE-Tue135 | ||
| LOK | |0 852 1 |9 00 | ||
| LOK | |0 935 |a bsbo | ||
| LOK | |0 939 |a 10-07-20 |b l01 | ||
| ORI | |a SA-MARC-ixtheoa001.raw | ||
| REL | |a 1 | ||
| STA | 0 | 0 | |a Inscription,Inscription,Epigraph,Mysteries,Mystery cult |
| STB | 0 | 0 | |a Culte à mystères,Inscription,Inscription |
| STC | 0 | 0 | |a Inscripción,Inscripción,Religión de misterios |
| STD | 0 | 0 | |a Iscrizione,Iscrizione,Religione misterica |
| STE | 0 | 0 | |a 秘密宗教,铭文,题词 |
| STF | 0 | 0 | |a 秘密宗教,銘文,題詞 |
| STG | 0 | 0 | |a Inscrição,Inscrição,Religião de mistérios |
| STH | 0 | 0 | |a Надпись (мотив),Надпись,Религия мистерий |
| STI | 0 | 0 | |a Επιγραφή (μοτίβο),Επιγραφή,Μυστηριακή θρησκεία |
| SUB | |a REL | ||
| SYG | 0 | 0 | |a Emporion,Salonae , Mysterien,Mysterienkult,Mysterienreligionen , Epigraph,Inschriften,Epigraf |



